|
|
|
|
| LEADER |
00000cam a2200000 7i4500 |
| 001 |
0000003850 |
| 005 |
20110725.0 |
| 090 |
0 |
0 |
|a R THE 333.75
|b JAM 1999
|
| 100 |
0 |
0 |
|a Jamel bin Mohamad Din
|
| 245 |
0 |
0 |
|a The influence of soul chemical factors on the distribution of shorea curtish (seraya) in an insular hill dipterocarp forest ecosystem
|c Jamel bin Mohamad Din
|
| 260 |
0 |
0 |
|a Serdang, Selangor :
|b Universiti Pertanian Malaysia ,
|c 1999
|
| 300 |
|
|
|a x, 65 p. :
|b .ill ;
|c 30 cm.
|
| 500 |
0 |
0 |
|a Bibliography : p. 40-50
|
| 500 |
0 |
0 |
|a Thesis: Bac. of Forestry Science, Universiti Pertanian Malaysia (1999)
|
| 650 |
0 |
0 |
|a Hill dipterocarp forest---Pulau Pinang
|
| 998 |
|
|
|a JPSM
|
| 999 |
|
|
|a 006541
|b Thesis
|c Reference
|e Default branch
|